| Tag |
First Indicator |
Second Indicator |
Subfields |
| LEADER |
00000cam a22000008a 4500 |
| 001 |
in00000786621 |
| 005 |
20151017060604.0 |
| 008 |
870727s1989 nyu b 00100 eng |
| 010 |
|
|
|a 87022186
|
| 020 |
|
|
|a 1555463762 (alk. paper) :
|c $19.95
|
| 035 |
|
|
|a (OCoLC)16582633
|
| 035 |
|
|
|9 ADM4162AM
|
| 040 |
|
|
|a DLC
|c DLC
|d TXA
|d UtOrBLW
|
| 043 |
|
|
|a n-us---
|
| 049 |
|
|
|a TXAM
|c [A12340895]
|
| 050 |
0 |
0 |
|a PS3515.U274
|b Z668 1988
|
| 050 |
|
4 |
|a PS3515.U274
|b Z668 1989
|
| 082 |
0 |
|
|a 818/.5209
|2 19
|
| 245 |
0 |
0 |
|a Langston Hughes /
|c edited and with an introduction by Harold Bloom.
|
| 264 |
|
1 |
|a New York :
|b Chelsea House Publishers,
|c [1989]
|
| 264 |
|
4 |
|c ©1989
|
| 300 |
|
|
|a vii, 208 pages
|
| 336 |
|
|
|a text
|b txt
|2 rdacontent
|
| 337 |
|
|
|a unmediated
|b n
|2 rdamedia
|
| 338 |
|
|
|a volume
|b nc
|2 rdacarrier
|
| 490 |
1 |
|
|a Modern critical views
|
| 504 |
|
|
|a Includes bibliographical references and index.
|
| 520 |
|
|
|a A collection of twelve critical essays on Hughes and his work, arranged in chronological order of their original publication.
|
| 600 |
1 |
0 |
|a Hughes, Langston,
|d 1902-1967
|x Criticism and interpretation.
|
| 650 |
|
0 |
|a African Americans in literature.
|
| 650 |
|
0 |
|a American literature
|x History and criticism.
|
| 700 |
1 |
|
|a Bloom, Harold.
|
| 830 |
|
0 |
|a Modern critical views.
|
| 999 |
|
|
|a MARS
|
| 999 |
f |
f |
|s 3eb6ad15-0ecc-35f8-9e85-6bee5046e231
|i 8680c70a-4bfa-3b82-8f2a-12188ad00aa7
|t 0
|
| 952 |
f |
f |
|p ric
|a Texas A&M University
|b Rellis Campus
|c Joint Library Facility
|d Remote Storage
|t 0
|e PS3515.U274 Z668 1989
|h Library of Congress classification
|i unmediated -- volume
|m A14812340895
|
| 998 |
f |
f |
|a PS3515.U274 Z668 1989
|t 0
|l Remote Storage
|